| 000 | 01148cam a2200301 a 4500 | ||
|---|---|---|---|
| 001 | 000014499 | ||
| 005 | 20200929163848.0 | ||
| 008 | 020925r20011998pr a b 000 0 spa | ||
| 020 | _a156328197X | ||
| 040 |
_aDO-SdBNP _cDLC |
||
| 082 |
_a304.82 _bL864e |
||
| 100 | 1 |
_aLopez Blanch, Hedelberto, _d1947- _932746 |
|
| 240 | 1 | 0 | _aEmigración cubana en Estados Unidos |
| 245 | 1 | 0 |
_aDescorriendo mamparas : _bla emigración cubana en los Estados Unidos / _cHedelberto Lopez Blanch ; prólogo Wayne S. Smith. |
| 246 | 3 | 0 | _aDescorriendo mamparas |
| 260 |
_aSan Juan, Puerto Rico : _bPlaza Mayor, _c2001. |
||
| 300 |
_a194 p. : _bil. ; _c21 cm. |
||
| 490 | 1 |
_aCultura cubana _aPeriodismo |
|
| 504 | _aIncluye referencias bibliográficas | ||
| 650 | 4 |
_aCuba _xCondiciones económicas _ySIGLO XX _932747 |
|
| 651 | 4 |
_aCuba _xEmigración E Inmigración _913492 |
|
| 651 | 4 |
_aEstados Unidos _xRelaciones Con Cuba _95832 |
|
| 651 | 4 |
_aEstados Unidos _xRelaciones Raciales _xOpinión Pública _932748 |
|
| 700 | 1 |
_aSmith, Wayne S., _bpról. _932749 |
|
| 830 | 0 |
_aCultura cubana. _pPeriodismo _932750 |
|
| 910 | _aCatalogación por copia / LC | ||
| 049 | _abngr | ||
| 999 |
_c14088 _d14088 |
||